| 000 | 00487cam a2200181ua 4500 | ||
|---|---|---|---|
| 020 |
_a0-85-226-5875 _c300.00 |
||
| 041 |
_aeng _h |
||
| 082 |
_a660.2842 _bARU/AD |
||
| 100 | _aArun S, Majumdar . | ||
| 245 |
_aAdvances in transport processes, Vol 3 / _cArun S Majumdar. _hTextual Documents |
||
| 260 |
_aNew Delhi : _bWiley Eastern Ltd , _c1984. |
||
| 300 | _a452 ; . | ||
| 365 | _a300.00 | ||
| 504 | _a | ||
| 700 | 1 | _aMashelkan, R H . | |
| 942 | _cBK | ||
| 999 |
_c7159 _d7159 |
||